000 00609nam a2200241Ia 4500
003 OSt
005 20221007082609.0
006 a|||||r|||| 00| 0
007 ta
008 221006b |||||||| |||| 00| 0 eng d
024 _a16,530
037 _cReports / Technical Reports
040 _aFLL
_cFLL
_beng
041 _2eng
_aeng
082 _aY:7.7.r, P1
110 _aGovt. of india
245 0 _aHuman development report 2001
260 _c2001
300 _a264p
_ccm.
700 _aGovt. of india
942 _hY:7.7.r, P1
_cREP
_2CC
999 _c1167002
_d1167002